Les 10 plus grandes villes de la Guadeloupe (superficie) - Statistiques

Statistiques générales
  • Ce quiz a été pris 72 fois
  • Le résultat moyen est 7 sur 10
Statistiques - réponses
Superficie (Kilomètres carré) Villes ( communes) % Correct
6) 80,29 Sainte-Anne
84%
5) 81,25 Les Abymes
82%
4) 82,84 Le Moule
73%
2) 118,60 Sainte-Rose
73%
1) 129,88 Petit-Bourg
71%
7) 70,5 Petit-Canal
71%
9) 64,50 Morne-à-l'eau
67%
10) 62,50 Anse-Bertrand
64%
8) 65,60 Lamentin
58%
3) 103,30 Capesterre-belle-eau
53%
Aucun quiz correspondant
Distribution des résultats
% des personnes avec chaque résultat
Percentile par nombre de réponses
Votre historique - résultats
Vous n’avez pas pris ce quiz